Mitos clasificados 2 /
Guardado en:
| Autor Principal: | |
|---|---|
| Formato: | Libro |
| Publicado: |
Buenos Aires :
Cántaro,
2003.
|
| Series: | Colección del Mirador
|
| Materias: | |
| Etiquetas: |
Agregar Etiqueta
Sin Etiquetas, Sea el primero en etiquetar este registro!
|
| LEADER | 00898nam a22002775a 4500 | ||
|---|---|---|---|
| 001 | CEM.cems018585 | ||
| 005 | 20171002094216.0 | ||
| 008 | 130507s2003##################000#0#####d | ||
| 003 | CEMS | ||
| 020 | |a 9507531017 | ||
| 082 | 0 | 4 | |a 883 |
| 100 | 1 | |a Hesíodo | |
| 245 | 1 | 0 | |a Mitos clasificados 2 / |c Hesíodo; ovidio; eurípedes; virgilio |
| 260 | |a Buenos Aires : |b Cántaro, |c 2003. | ||
| 300 | |a 126p. ; 20cm. | ||
| 490 | 0 | |a Colección del Mirador | |
| 505 | 0 | |a Teogonía / Hesiodo -- El mito de Prometeo -- Heracles -- Eco y Narciso -- Dafne y Apolo -- Plutón y Proserpina -- Ifigenia -- Rómulo y Remo | |
| 653 | |a Teogonía | ||
| 653 | |a El mito de prometeo | ||
| 653 | |a Heracles | ||
| 653 | |a Eco y narciso | ||
| 653 | |a Dafne y apolo | ||
| 653 | |a Plutón y proserpina | ||
| 653 | |a Ifigenia | ||
| 653 | |a Rómulo y remo | ||
| 859 | |a CEMS |b BIB. CEMS - Agricultura |h 883 |i M697a2-1 |p A2953.17 |t Ej.1 | ||
